First Pokémon by Type Combination: Poison - Statistics

General Stats
  • This quiz has been taken 76 times
    37 since last reset
  • The average score is 14 of 17
Answer Stats
Type combination Pokédex # Pokémon Region % Correct
Poison / Ghost 0092 Gastly Kanto
96%
Poison / Water 0072 Tentacool Kanto
96%
Poison / Flying 0041 Zubat Kanto
96%
Poison / Grass 0001 Bulbasaur Kanto
92%
Pure Poison 0023 Ekans Kanto
92%
Poison / Ground 0031 Nidoqueen Kanto
92%
Poison / Bug 0013 Weedle Kanto
92%
Poison / Dragon 0691 Dragalge Kalos
83%
Poison / Dark 0088 Grimer Alola
83%
Poison / Fighting 0215 Sneasel Hisui
83%
Poison / Normal 0944 Shroodle Paldea
79%
Poison / Electric 0848 Toxel Galar
75%
Poison / Fairy 0110 Weezing Galar
75%
Poison / Rock 0793 Nihilego Alola
71%
Poison / Fire 0757 Salandit Alola
71%
Poison / Psychic 0080 Slowbro Galar
71%
Poison / Steel 0965 Varoom Paldea
67%
No matching quizzes found
Score Distribution
Percent of People with Each Score
Percentile by Number Answered
Your Score History
You have not taken this quiz since the last reset